[Event "Êîìàíäíîå ïåð-âî ÐÔ 2012 ã. ïî êëàññè÷åñêèì øàõìàòàì "]
[Site "Ðûáèíñê"]
[Date "2012.08.07"]
[Round "6.62"]
[White "Ïîâîëîöêèé Åâãåíèé "]
[Black "Ãðèøèí Àëåêñàíäð "]
[Result "1/2-1/2"]
[WhiteElo "2049"]
[BlackElo "2229"]
[Annotator ""]
[Source ""]
[Remark ""]

1.d4 d5 2.c4 e6 3.Nc3 Nf6 4.cxd5 exd5 5.Bg5 Be7 6.Qc2 O-O 7.e3
c6 8.Bd3 Nbd7 9.Nge2 Re8 10.h3 Nf8 11.O-O-O a5 12.g4 b5 13.Ng3
b4 14.Na4 Ne4 15.Bxe7 Qxe7 16.Bxe4 dxe4 17.Nc5 Be6 18.Qxe4 Bxa2
19.Qxe7 Rxe7 20.b3 a4 21.Kb2 Bxb3 22.Nxb3 axb3 23.Kxb3 Ra3+ 24.Kxb4
Ra2 25.Rhf1 Rb7+ 26.Kc4 Rbb2 27.Ne4 g6 28.g5 Ra4+ 29.Kc5 Rc2+
30.Kd6 Ra5 31.Nc5 Ne6 32.Rc1 Rxc1 33.Rxc1 Nxg5 34.Kxc6 Nxh3 35.d5
Nxf2 36.d6 Ng4 37.d7 Ne5+ 38.Kd6 Nxd7 39.Nxd7 h5 40.e4 Kg7 41.Rf1
h4 42.Ke7 h3 43.Rxf7+ Kh6 44.Rf1 Kg5 45.e5 1/2-1/2

[Event "Êîìàíäíîå ïåð-âî ÐÔ 2012 ã. ïî êëàññè÷åñêèì øàõìàòàì "]
[Site "Ðûáèíñê"]
[Date "2012.08.07"]
[Round "6.63"]
[White "Ïèñêîâåö Íèêèòà"]
[Black "Ñîôüèí Ïàâåë "]
[Result "1-0"]
[WhiteElo "1104"]
[BlackElo "2071"]
[Annotator ""]
[Source ""]
[Remark ""]

1.d4 Nf6 2.c4 c5 3.d5 b5 4.Nd2 b4 5.e4 d6 6.b3 g6 7.Bb2 Bg7 8.Ngf3
O-O 9.Qc2 Nbd7 10.Be2 Qc7 11.O-O Bb7 12.a4 e5 13.Nh4 Rae8 14.g3
Qd8 15.Rae1 Nb8 16.Ng2 Bc8 17.f4 Nfd7 18.f5 g5 19.Ne3 Nf6 20.Qd1
h6 21.Kg2 Kh7 22.Rh1 Rh8 23.h4 Kg8 24.hxg5 hxg5 25.Rxh8+ Bxh8
26.Rh1 Bg7 27.Bd3 Nbd7 28.Bc1 Nf8 29.Nf3 N6h7 30.Be2 Bd7 31.Qg1
Re7 32.Nh2 f6 33.Nhg4 Be8 34.Qh2 Rc7 35.Qg1 Qe7 36.Rh2 Qd8 37.Qh1
Qe7 38.Nh6+ Kh8 39.Bh5 Bxh5 40.Rxh5 Rb7 41.Neg4 Rc7 42.Nh2 Rb7
43.Nf3 Bxh6 44.Rxh6 Kg8 45.Ne1 Qg7 46.Qh5 Rd7 47.Nd3 Rc7 48.Nf2
Rb7 49.Ng4 Qe7 50.Rg6+ Nxg6 51.fxg6 Qg7 52.gxh7+ Kh8 53.Qe8+
Kxh7 54.Qe6 Rf7 55.Qxd6 Qg6 56.Nf2 Qh5 57.g4 Qh4 58.Qxc5 Kg6
59.Qe3 Qh8 60.c5 Qc8 61.c6 Rh7 62.Qf3 Qc7 63.Be3 Rh4 64.Bc5 Kf7
65.Qf5 Rh8 66.Qe6+ Kg6 67.Nd3 Qa5 68.Nxe5+ Kg7 69.Qf7+ 1-0

[Event "Êîìàíäíîå ïåð-âî ÐÔ 2012 ã. ïî êëàññè÷åñêèì øàõìàòàì "]
[Site "Ðûáèíñê"]
[Date "2012.08.07"]
[Round "6.64"]
[White "Êðîòþê Äàðüÿ "]
[Black "Ïàðàìçèíà Àíàñòàñèÿ "]
[Result "0-1"]
[WhiteElo "1874"]
[BlackElo "2021"]
[Annotator ""]
[Source ""]
[Remark ""]

1.e4 c5 2.Nf3 d6 3.d4 Nf6 4.e5 dxe5 5.dxe5 Qxd1+ 6.Kxd1 Nd5 7.c4
Nb4 8.a3 N4c6 9.Bd3 Bg4 10.Be4 Nd7 11.Bxc6 bxc6 12.Bf4 O-O-O
13.Ke2 g5 14.Bxg5 Nxe5 15.Nbd2 Bg7 16.Rad1 Rd7 17.Be3 Rhd8 18.Bxc5
Nd3 19.Be3 Nxb2 20.Rc1 f5 21.Nb3 f4 22.Nc5 fxe3 23.Nxd7 Rxd7
24.fxe3 Rd3 25.h3 Be6 26.c5 Bh6 27.Rc2 Rxe3+ 28.Kf2 Nd3+ 29.Kf1
Bf5 30.Re2 Nxc5 31.Rxe3 Bxe3 32.Ke2 Bh6 33.g4 Bd3+ 34.Kd1 Ne4
35.Ke1 c5 36.Rh2 c4 37.Nd4 Bf4 38.Rg2 c3 39.Nc2 Bg3+ 40.Kd1 Bf1
41.Rg1 Bxh3 42.Nb4 Bxg4+ 43.Kc2 h5 0-1

[Event "Êîìàíäíîå ïåð-âî ÐÔ 2012 ã. ïî êëàññè÷åñêèì øàõìàòàì "]
[Site "Ðûáèíñê"]
[Date "2012.08.07"]
[Round "6.71"]
[White "Àëåêñååíêî Êèðèëë "]
[Black "Ãîðäèåâñêèé Äìèòðèé "]
[Result "1-0"]
[WhiteElo "2430"]
[BlackElo "2437"]
[Annotator ""]
[Source ""]
[Remark ""]

1.e4 Nf6 2.e5 Nd5 3.d4 d6 4.Nf3 Bg4 5.Be2 c6 6.O-O Bxf3 7.Bxf3
dxe5 8.dxe5 e6 9.Re1 Nd7 10.Qe2 Qc7 11.a3 g6 12.c4 Ne7 13.b4
Bg7 14.Bb2 Rd8 15.g3 g5 16.Bh5 Ng6 17.Bxg6 hxg6 18.Nd2 Bxe5 19.Ne4
g4 20.Ng5 Bxb2 21.Qxb2 e5 22.Qe2 O-O 23.Qxg4 Nf6 24.Qf3 Kg7 25.Qe3
Rfe8 26.Qxa7 e4 27.Rad1 Rxd1 28.Rxd1 e3 29.Re1 Qe5 30.Nf3 Qf5
31.Rxe3 Rd8 32.Kg2 Ng4 33.Rc3 Qf6 34.Rc2 Qf5 35.Re2 Rd3 36.Ne1
Rd1 37.h3 Nf6 38.Qe3 Qb1 39.Qe5 Rd8 40.Qc3 g5 41.Re3 Qf5 42.Re5
Qg6 43.Qe3 Nh7 44.Re7 b5 45.Qe5+ Nf6 46.Nf3 bxc4 47.h4 Rd5 48.Qb2
gxh4 49.Nxh4 Qd3 50.Re3 c3 51.Qxc3 Qxc3 52.Rxc3 Rd2 53.Nf5+ Kh7
54.Rxc6 Ne4 55.Kf3 Nxf2 56.Rh6+ Kg8 57.Rh2 1-0

[Event "Êîìàíäíîå ïåð-âî ÐÔ 2012 ã. ïî êëàññè÷åñêèì øàõìàòàì "]
[Site "Ðûáèíñê"]
[Date "2012.08.07"]
[Round "6.72"]
[White "Ïóñòîâîéòîâà Äàðüÿ "]
[Black "Óñìàíîâ Âàñèëèé "]
[Result "1-0"]
[WhiteElo "2294"]
[BlackElo "2333"]
[Annotator ""]
[Source ""]
[Remark ""]

1.e4 c5 2.Nf3 d6 3.d4 cxd4 4.Nxd4 Nf6 5.Nc3 Nc6 6.Bg5 Bd7 7.Qd2
Rc8 8.f4 Nxd4 9.Qxd4 Qa5 10.e5 dxe5 11.fxe5 e6 12.O-O-O Bc6 13.Nb5
Bxb5 14.exf6 Bc6 15.h4 g6 16.Bc4 Bc5 17.Qe5 Bb6 18.Qd6 Bc5 19.Qg3
O-O 20.Bd2 Qa4 21.Bb3 Qe4 22.Qg5 Qf5 23.Qh6 Qxf6 24.Bc3 e5 25.h5
Qg7 26.Qg5 Bd4 27.h6 Qh8 28.Rhf1 Rc7 29.Bxd4 exd4 30.Rf6 Be4
31.Rxd4 Re8 32.Qf4 Bf5 33.Qe5 Rf8 34.Rxf5 1-0

[Event "Êîìàíäíîå ïåð-âî ÐÔ 2012 ã. ïî êëàññè÷åñêèì øàõìàòàì "]
[Site "Ðûáèíñê"]
[Date "2012.08.07"]
[Round "6.73"]
[White "Äîíñêîâ Àíàòîëèé"]
[Black "Ðîìàíîâ Ñòàíèñëàâ "]
[Result "1/2-1/2"]
[WhiteElo "1189"]
[BlackElo "2115"]
[Annotator ""]
[Source ""]
[Remark ""]

1.e4 e6 2.d4 d5 3.Nc3 Bb4 4.exd5 exd5 5.Bd3 Nf6 6.Nge2 Bg4 7.O-O
O-O 8.f3 Bh5 9.Nf4 Bg6 10.Nxg6 hxg6 11.Bg5 c6 12.Qe1 Nbd7 13.Qh4
Qb6 14.Ne2 Ne5 15.Rad1 Rfe8 16.Nc3 Nxd3 17.Rxd3 Nh7 18.Na4 Qa5
19.b3 Nxg5 20.Qxg5 b5 21.Nc5 Bxc5 22.dxc5 Qxa2 23.Qd2 a5 24.f4
Qa3 25.Qf2 Re4 26.Rh3 Rae8 27.f5 g5 28.f6 Rf4 29.Rf3 Rxf3 30.Qxf3
Qxc5+ 31.Kh1 Qxc2 32.fxg7 Qg6 33.Qc3 a4 34.bxa4 bxa4 35.h3 Re6
36.Qb4 Qxg7 37.Qxa4 Qe5 38.Rc1 Qf4 39.Qa1 Qf6 40.Qb1 Qe5 41.Qb7
Qf4 42.Qb1 Qe4 43.Qa1 d4 44.Qa5 Qe3 45.Rd1 g4 46.Qd8+ Kg7 47.Qxd4+
Qxd4 48.Rxd4 g3 49.Kg1 Rg6 50.Rc4 {%02  çàïèñü íåðàçáîð÷èâà} 1/2-1/2

[Event "Êîìàíäíîå ïåð-âî ÐÔ 2012 ã. ïî êëàññè÷åñêèì øàõìàòàì "]
[Site "Ðûáèíñê"]
[Date "2012.08.07"]
[Round "6.81"]
[White "Äåíèñîâ Âëàäèñëàâ "]
[Black "Òàðàñîâ Àëåêñàíäð "]
[Result "0-1"]
[WhiteElo "2110"]
[BlackElo "2124"]
[Annotator ""]
[Source ""]
[Remark ""]

1.e4 c6 2.d4 d5 3.Nd2 dxe4 4.Nxe4 Nd7 5.Nf3 Ngf6 6.Nxf6+ Nxf6
7.Bd3 Bg4 8.c3 Qc7 9.h3 Bh5 10.Be2 Bxf3 11.Bxf3 e6 12.O-O Bd6
13.Qc2 h6 14.a4 a5 15.Bd2 O-O 16.Rab1 Rfd8 17.Kh1 c5 18.dxc5
Bxc5 19.b4 axb4 20.cxb4 Bb6 21.Qxc7 Bxc7 22.Bxb7 Rab8 23.Bc6
Rxd2 24.a5 Rc2 25.Rfc1 Rxb4 26.a6 Rxc6 27.a7 Rxc1+ 28.Rxc1 Ra4
29.Rxc7 Kh7 30.Rxf7 Ne4 31.Rf4 Ra1+ 32.Kh2 Nf6 0-1

[Event "Êîìàíäíîå ïåð-âî ÐÔ 2012 ã. ïî êëàññè÷åñêèì øàõìàòàì "]
[Site "Ðûáèíñê"]
[Date "2012.08.07"]
[Round "6.82"]
[White "Êîæåâíèêîâ Èâàí "]
[Black "Ïàÿíèäè ßíèñ "]
[Result "0-1"]
[WhiteElo "2073"]
[BlackElo "2096"]
[Annotator ""]
[Source ""]
[Remark ""]

1.e4 e6 2.d4 d5 3.Nc3 Nf6 4.e5 Nfd7 5.f4 c5 6.Nf3 Nc6 7.Be3 a6
8.Qd2 b5 9.dxc5 Bxc5 10.Bxc5 Nxc5 11.Qf2 Qb6 12.Bd3 b4 13.Ne2
a5 14.O-O Ba6 15.f5 Bxd3 16.cxd3 Nd7 17.Qxb6 Nxb6 18.Rac1 Kd7
19.Ng5 Nxe5 20.fxe6+ fxe6 21.d4 Nd3 22.Rf7+ Kd6 23.Rcf1 h6 24.Nf3
Nxb2 25.Ne5 N2c4 26.Nf4 g5 27.Nfd3 Rhe8 28.Rc1 Re7 29.Rf6 Nd7
30.Nxd7 Rxd7 31.Nc5 Re7 32.Re1 Rae8 33.Rxh6 Na3 34.Re2 Nb5 35.Nb3
a4 36.Nd2 Nc3 37.Rf2 Nxa2 38.Nf3 Nc3 39.Nxg5 a3 40.Nf7+ Kc7 41.Ne5
a2 42.Rf1 Nb1 43.Rc1+ Kb7 44.Nc6 a1Q 45.Nxb4 Qxd4+ 0-1

[Event "Êîìàíäíîå ïåð-âî ÐÔ 2012 ã. ïî êëàññè÷åñêèì øàõìàòàì "]
[Site "Ðûáèíñê"]
[Date "2012.08.07"]
[Round "6.83"]
[White "Ãëóøêîâ Ëåâ "]
[Black "Åëåöêèé Èâàí "]
[Result "1-0"]
[WhiteElo "1987"]
[BlackElo "2115"]
[Annotator ""]
[Source ""]
[Remark ""]

1.e4 d5 2.exd5 Qxd5 3.Nc3 Qd6 4.d4 Nf6 5.Bc4 a6 6.Bb3 e6 7.Nge2
Be7 8.Bf4 Qd8 9.d5 exd5 10.Nxd5 Nxd5 11.Qxd5 O-O 12.O-O-O Qxd5
13.Bxd5 c6 14.Bf3 Re8 15.Rhe1 g5 16.Bxb8 Rxb8 17.Nd4 Kg7 18.Bh5
c5 19.Nf3 b6 20.Ne5 Be6 21.Nc6 Rbc8 22.Rxe6 fxe6 23.Bxe8 Rxe8
24.Rd7 Kf6 25.Nxe7 Rxe7 26.Rxe7 Kxe7 27.c4 Kf6 28.Kd2 Kf5 29.Ke3
g4 30.f3 gxf3 31.Kxf3 h5 32.a4 Ke5 33.g4 hxg4+ 34.Kxg4 Kd4 35.h4
e5 36.h5 e4 37.h6 e3 38.h7 e2 39.h8Q+ Kd3 40.Qc3+ Ke4 41.Qd2 1-0

[Event "Êîìàíäíîå ïåð-âî ÐÔ 2012 ã. ïî êëàññè÷åñêèì øàõìàòàì "]
[Site "Ðûáèíñê"]
[Date "2012.08.07"]
[Round "6.84"]
[White "Êèñòåíåâà Åëèçàâåòà "]
[Black "Èâàíîâà Êàðèíà "]
[Result "1-0"]
[WhiteElo "2040"]
[BlackElo "1970"]
[Annotator ""]
[Source ""]
[Remark ""]

1.e4 c6 2.d4 d5 3.Nc3 dxe4 4.Nxe4 Bf5 5.Ng3 Bg6 6.Bc4 e6 7.N1e2
Bd6 8.h4 h6 9.Nf4 Ne7 10.Nxg6 Nxg6 11.Ne4 h5 12.c3 Be7 13.g3
Nd7 14.Be2 Qa5 15.Bg5 Qf5 16.Bf3 f6 17.Be3 Nb6 18.Nd2 Nf8 19.Qb3
O-O-O 20.c4 e5 21.d5 Kc7 22.d6+ Bxd6 23.c5 Bxc5 24.Bxc5 Ne6 25.Bxb6+
axb6 26.Be4 Qg4 27.Qf3 Nd4 28.Qxg4 hxg4 29.O-O-O f5 30.Bc2 Nxc2
31.Kxc2 Rd5 32.Nb3 Kd6 33.Nd2 b5 34.Nf1 Rxd1 35.Kxd1 b4 36.Ne3
Ke6 37.Kc2 c5 38.Re1 b5 39.Kb3 Ra8 40.Rc1 Rc8 41.h5 Rc7 42.h6
gxh6 43.Rh1 Rh7 44.Rh5 Rf7 45.Rxh6+ Rf6 46.Rh8 Kd6 47.Rb8 Kc6
48.Ra8 Kd7 49.Ra7+ Ke6 50.Rb7 f4 51.Rb6+ Kf7 52.Rxf6+ Kxf6 53.gxf4
exf4 54.Nxg4+ Kf5 55.f3 Kg5 56.Nf2 Kh4 57.Ne4 Kh3 58.Nxc5 Kg3
59.Ne6 Kxf3 60.Kxb4 Ke3 61.Nxf4 1-0

[Event "Êîìàíäíîå ïåð-âî ÐÔ 2012 ã. ïî êëàññè÷åñêèì øàõìàòàì "]
[Site "Ðûáèíñê"]
[Date "2012.08.07"]
[Round "6.91"]
[White "Íîæêèí Íèêèòà "]
[Black "Ëåïêàñîâ Âëàäèñëàâ "]
[Result "0-1"]
[WhiteElo "2117"]
[BlackElo "2171"]
[Annotator ""]
[Source ""]
[Remark ""]

1.e4 c5 2.c3 Nf6 3.e5 Nd5 4.d4 cxd4 5.Qxd4 e6 6.Bc4 Nc6 7.Qe4
Nde7 8.Nf3 Qc7 9.O-O Ng6 10.Re1 Ncxe5 11.Nxe5 Nxe5 12.Qxe5 Qxc4
13.Nd2 Qc5 14.Qg3 Qd6 15.Qg4 h5 16.Qf3 Be7 17.Ne4 Qc6 18.Qg3
Kf8 19.Bg5 f6 20.Qf3 e5 21.c4 Kg8 22.Bd2 d6 23.Qd3 Be6 24.Rac1
Rd8 25.Qe2 h4 26.h3 Qe8 27.Nc3 Qf7 28.b3 f5 29.Nd5 Bf8 30.Red1
f4 31.f3 Rh6 32.Bb4 Bf5 33.Nc3 Bd7 34.Rd2 Bc6 35.Rcd1 {%07-2079126269}
Qc7 36.Kh1 Qb6 37.Ba3 Qa5 38.Bb2 Rf6 39.a3 Qc7 40.Qf2 b6 41.Qxh4
Rh6 42.Qf2 g5 43.Qe2 g4 44.fxg4 Rxh3+ 45.Kg1 Bxg2 46.Ne4 Bf3
47.Qd3 d5 48.Nf6+ Kh8 49.Rh2 Bc5+ 50.Kf1 Rxh2 0-1

[Event "Êîìàíäíîå ïåð-âî ÐÔ 2012 ã. ïî êëàññè÷åñêèì øàõìàòàì "]
[Site "Ðûáèíñê"]
[Date "2012.08.07"]
[Round "6.92"]
[White "Èïàòîâ Àëåêñàíäð "]
[Black "Êàðäàøåâñêèé Åâãåíèé "]
[Result "0-1"]
[WhiteElo "2159"]
[BlackElo "2105"]
[Annotator ""]
[Source ""]
[Remark ""]

1.e4 c5 2.Nf3 g6 3.d4 cxd4 4.Nxd4 Nf6 5.Nc3 Nc6 6.Nxc6 dxc6 7.Qxd8+
Kxd8 8.Bc4 Ke8 9.e5 Ng4 10.f4 h5 11.h3 Nh6 12.Be3 Nf5 13.Bf2
h4 14.O-O-O Bh6 15.Ne2 Be6 16.Bxe6 fxe6 17.Kb1 Rf8 18.a4 b6 19.a5
c5 20.Rd3 Rb8 21.Rhd1 Kf7 22.Rd7 bxa5 23.Bxc5 Rfc8 24.Bxa7 Rb4
25.Bd4 Rcb8 26.Bc3 Re4 27.R1d2 a4 28.Ka2 Rc8 29.Ra7 Rcc4 30.b3
axb3+ 31.cxb3 Rc8 32.Kb2 Ne3 33.Bd4 Nf1 34.Rd1 Rxe2+ 35.Ka3 Nd2
36.b4 Nc4+ 37.Kb3 Bxf4 38.Bc5 Nxe5 39.Rxe7+ Kf6 40.Rh7 Rxg2 41.Rxh4
Kf5 42.Bd6 g5 43.Rh7 Rcc2 44.Rb1 Nd3 45.Bf8 Be5 46.Rd7 Ke4 47.Rd8
Rb2+ 48.Rxb2 Rxb2+ 49.Kc4 Nf4 50.Re8 Kf5 51.b5 Nxh3 52.Bc5 g4
53.Rf8+ Ke4 54.Re8 Nf4 55.Bg1 g3 56.b6 Rb1 57.Bc5 g2 58.Rg8 Rc1+
59.Kb5 Rxc5+ 60.Kxc5 g1Q+ 61.Rxg1 Bd4+ 62.Kc6 Bxg1 63.b7 Ba7 0-1

[Event "Êîìàíäíîå ïåð-âî ÐÔ 2012 ã. ïî êëàññè÷åñêèì øàõìàòàì "]
[Site "Ðûáèíñê"]
[Date "2012.08.07"]
[Round "6.93"]
[White "Ïîëÿíöåâ Ðàäæ "]
[Black "Åðìîëàåâ Åâãåíèé "]
[Result "1/2-1/2"]
[WhiteElo "1951"]
[BlackElo "2161"]
[Annotator ""]
[Source ""]
[Remark ""]

1.e4 c5 2.c3 Nf6 3.e5 Nd5 4.d4 cxd4 5.Nf3 e6 6.cxd4 d6 7.Nc3
Nxc3 8.bxc3 Nc6 9.exd6 Bxd6 10.Bd3 f5 11.O-O O-O 12.Re1 Qc7 13.Bc4
Nd8 14.Qb3 b5 15.Bd3 Bb7 16.Ne5 Bd5 17.Qc2 Rc8 18.Bd2 Bxe5 19.dxe5
Nc6 20.a4 Nxe5 21.axb5 Ng4 22.g3 Ba8 23.Rf1 Ne5 24.Be2 Nf3+ 25.Bxf3
Bxf3 26.Qa2 Qf7 27.Qxa7 Qh5 28.Qe3 Rf6 29.Ra4 Rh6 30.Rh4 Qxh4
31.gxh4 Rg6+ 32.Qg5 Rc4 33.h3 Rxh4 34.Qxg6 hxg6 35.Kh2 Ra4 36.b6
Ra2 37.Be3 Rb2 38.Ra1 e5 39.Re1 Kf7 40.Bg5 Rxb6 41.Rxe5 Rc6 42.Re7+
Kg8 43.Re3 Bd5 44.Kg3 Rc4 1/2-1/2

[Event "Êîìàíäíîå ïåð-âî ÐÔ 2012 ã. ïî êëàññè÷åñêèì øàõìàòàì "]
[Site "Ðûáèíñê"]
[Date "2012.08.07"]
[Round "6.94"]
[White "Ìàêàðåíêî Àëåêñàíäðà "]
[Black "Àíóôðèåíêî Äàðüÿ "]
[Result "1-0"]
[WhiteElo "2123"]
[BlackElo "1985"]
[Annotator ""]
[Source ""]
[Remark ""]

1.e4 e6 2.d4 d5 3.Nc3 Bb4 4.e5 c5 5.a3 Bxc3+ 6.bxc3 Qa5 7.Bd2
Qa4 8.Qb1 c4 9.h4 h5 10.Nf3 Ne7 11.g3 Nbc6 12.Bh3 b6 13.O-O Bd7
14.Ng5 Nf5 15.Re1 Nce7 16.Qd1 Qa5 17.Kh2 Ba4 18.Ra2 Bd7 19.Re2
Nh6 20.Re1 g6 21.Qf3 Nef5 22.Qf4 O-O-O 23.Bxf5 gxf5 24.f3 Rdg8
25.Qe3 Rg7 26.Nh3 Ng8 27.Rg1 Ne7 28.Qe1 Ng6 29.Bg5 Re8 30.Bf6
Rgg8 31.Ng5 Ref8 32.f4 Kc7 33.Rg2 Ba4 34.Re2 Qb5 35.Re3 Qd7 36.Rb2
Rb8 37.Qd1 Rb7 38.Qxh5 Kb8 39.Qe2 a5 40.h5 Nh8 41.Kg2 b5 42.g4
fxg4 43.Qxg4 Rb6 44.Rh3 Qb7 45.h6 b4 46.axb4 axb4 47.h7 Rc8 48.Bxh8
Rxh8 49.Nf3 Qc8 50.Qg7 b3 51.cxb3 Rxb3 52.Ra2 Rxc3 53.Rxa4 Rc2+
54.Kg3 Rb2 55.Rh1 c3 56.Rha1 c2 57.Ra8+ Kb7 58.Rxc8 Rxc8 59.Qxf7+
Kb6 60.Qxe6+ 1-0

[Event "Êîìàíäíîå ïåð-âî ÐÔ 2012 ã. ïî êëàññè÷åñêèì øàõìàòàì "]
[Site "Ðûáèíñê"]
[Date "2012.08.07"]
[Round "6.101"]
[White "Àðáóçîâ Èâàí "]
[Black "Öâåòêîâ Ïàâåë"]
[Result "1-0"]
[WhiteElo "2163"]
[BlackElo "2240"]
[Annotator ""]
[Source ""]
[Remark ""]

1.d4 d5 2.c4 c6 3.Nc3 Nf6 4.e3 e6 5.Nf3 Be7 6.Qc2 Nbd7 7.b3 a6
8.Bb2 b5 9.c5 b4 10.Na4 Ne4 11.Bd3 f5 12.Ne5 Nxe5 13.dxe5 O-O
14.f3 Ng5 15.O-O-O Qc7 16.Rdf1 g6 17.g4 Nf7 18.f4 Nh6 19.g5 Nf7
20.h4 h5 21.gxh6 Kh7 22.Rfg1 Qd8 23.Qd2 a5 24.Nb6 Rb8 25.Nxc8
Rxc8 26.Qe2 Qd7 27.Rg3 Rg8 28.Bd4 Rcf8 29.Qg2 Qd8 30.Rg1 Nh8
31.h5 g5 32.fxg5 1-0

[Event "Êîìàíäíîå ïåð-âî ÐÔ 2012 ã. ïî êëàññè÷åñêèì øàõìàòàì "]
[Site "Ðûáèíñê"]
[Date "2012.08.07"]
[Round "6.102"]
[White "Áàéãèëüäèí Àëüáåðò "]
[Black "Ñåðãèåíêî Àíòîí "]
[Result "0-1"]
[WhiteElo "2170"]
[BlackElo "2111"]
[Annotator ""]
[Source ""]
[Remark ""]

1.e4 e6 2.d4 d5 3.Nc3 Nf6 4.Bg5 Be7 5.e5 Nfd7 6.h4 a6 7.Qg4 Kf8
8.Nf3 c5 9.Qf4 Nc6 10.Ne2 h6 11.Bxe7+ Qxe7 12.O-O-O g6 13.Rh3
cxd4 14.Nexd4 Kg7 15.c3 Nc5 16.Nh2 Bd7 17.Ng4 h5 18.Ne3 Ne4 19.Bd3
Nxd4 20.Bxe4 Ne2+ 0-1

[Event "Êîìàíäíîå ïåð-âî ÐÔ 2012 ã. ïî êëàññè÷åñêèì øàõìàòàì "]
[Site "Ðûáèíñê"]
[Date "2012.08.07"]
[Round "6.104"]
[White "Íàñûáóëèíà Àëüôèÿ "]
[Black "Ìîêøàíîâà Åëèçàâåòà "]
[Result "1-0"]
[WhiteElo "2064"]
[BlackElo "1859"]
[Annotator ""]
[Source ""]
[Remark ""]

1.f4 c5 2.Nf3 Nc6 3.b3 Nf6 4.Bb2 d6 5.e3 a6 6.Be2 g6 7.O-O Bg7
8.e4 O-O 9.d3 b5 10.Qc1 Nh5 11.Bxg7 Nxg7 12.Nc3 Ne6 13.f5 Ned4
14.Qh6 f6 15.Nxd4 Nxd4 16.fxg6 hxg6 17.Qxg6+ Kh8 18.Rf5 1-0

[Event "Êîìàíäíîå ïåð-âî ÐÔ 2012 ã. ïî êëàññè÷åñêèì øàõìàòàì "]
[Site "Ðûáèíñê"]
[Date "2012.08.07"]
[Round "6.111"]
[White "Ìàñëîâ Èâàí "]
[Black "Êóðçþêîâ Àíäðåé "]
[Result "1/2-1/2"]
[WhiteElo "1975"]
[BlackElo "2191"]
[Annotator ""]
[Source ""]
[Remark ""]

1.e4 c5 2.c3 g6 3.d4 cxd4 4.cxd4 d5 5.exd5 Nf6 6.Bb5+ Nbd7 7.Nc3
Bg7 8.d6 O-O 9.dxe7 Qxe7+ 10.Nge2 a6 11.Bxd7 Bxd7 12.O-O Bc6
13.h3 Rad8 14.Be3 b5 15.a3 Rc8 16.Qc2 Ba8 17.Qd3 Nd5 18.Nxd5
Bxd5 19.b3 Qb7 20.f3 Qe7 21.Kf2 Qh4+ 22.Kg1 Qe7 23.Kf2 Qh4+ 24.Kg1
Qe7 25.Kf2 1/2-1/2

[Event "Êîìàíäíîå ïåð-âî ÐÔ 2012 ã. ïî êëàññè÷åñêèì øàõìàòàì "]
[Site "Ðûáèíñê"]
[Date "2012.08.07"]
[Round "6.112"]
[White "Ãëàäêîâ Äìèòðèé "]
[Black "Íàâðîäñêèé Áîðèñ "]
[Result "1/2-1/2"]
[WhiteElo "1989"]
[BlackElo "1953"]
[Annotator ""]
[Source ""]
[Remark ""]

1.e4 Nf6 2.e5 Nd5 3.Nc3 Nxc3 4.dxc3 d6 5.Bc4 Nc6 6.Nf3 g6 7.Bf4
Bg7 8.Qe2 O-O 9.O-O-O Bg4 10.e6 fxe6 11.Bxe6+ Bxe6 12.Qxe6+ Kh8
13.Bg5 Qc8 14.Rhe1 Qxe6 15.Rxe6 Bf6 16.Bh6 Rf7 17.Rd2 Nd8 18.Re1
e5 19.c4 Ne6 20.c3 Kg8 21.Kc2 Re8 22.b4 b6 23.Be3 Kg7 24.Rd5
Rd8 25.Red1 Rfd7 26.c5 h6 27.a4 Nf8 28.cxb6 axb6 29.c4 c5 30.a5
bxa5 31.bxc5 dxc5 32.Bxc5 Rxd5 33.Rxd5 Rxd5 34.cxd5 Nd7 35.Be3
a4 36.Nd2 Be7 37.Nc4 h5 38.f3 Kf6 39.Nb2 a3 40.Nc4 Kf5 41.Bc1
a2 42.Kb2 e4 43.Kxa2 exf3 44.gxf3 Ne5 45.d6 Bd8 46.Nxe5 1/2-1/2

[Event "Êîìàíäíîå ïåð-âî ÐÔ 2012 ã. ïî êëàññè÷åñêèì øàõìàòàì "]
[Site "Ðûáèíñê"]
[Date "2012.08.07"]
[Round "6.113"]
[White "Ïàê Ìàòâåé "]
[Black "Äèëìóõàìåòîâ Àðòóð "]
[Result "1/2-1/2"]
[WhiteElo "1800"]
[BlackElo "2078"]
[Annotator ""]
[Source ""]
[Remark ""]

1.e4 e6 2.d4 d5 3.Nc3 Bb4 4.e5 c5 5.a3 Bxc3+ 6.bxc3 Qa5 7.Bd2
Qa4 8.Qb1 a6 9.Nf3 Nc6 10.Qb3 Qxb3 11.cxb3 Nge7 12.Bd3 Na5 13.Bc2
b6 14.Be3 c4 15.b4 Nac6 16.Nh4 Nf5 17.Bxf5 exf5 18.f4 Bd7 19.O-O
h6 20.Nf3 Nd8 21.a4 Ne6 22.h4 O-O-O 23.a5 b5 24.Kf2 g6 25.g3
Ng7 26.Rg1 Nh5 27.Ke1 f6 28.Ke2 Rdg8 29.Rae1 Rg7 30.Kf2 Rhg8
31.Bd2 Kd8 32.e6 Bc8 33.g4 fxg4 34.Rxg4 f5 35.Rgg1 Nf6 36.Re5
Re7 37.Ke2 Bxe6 38.Kd1 Ne4 39.Rg2 Ke8 40.Kc2 Kf7 41.Be1 Nf6 42.Ree2
Ng4 43.Ne5+ Nxe5 44.dxe5 d4 45.cxd4 Bd5 46.Rg3 Ke6 47.Bd2 Reg7
48.Re1 Be4+ 49.Kc3 Bd3 50.Reg1 Be2 51.Re1 Bg4 52.Be3 Rf8 53.Rg2
Kd5 54.Bc1 Ke6 55.d5+ Kxd5 56.Rd2+ Ke6 57.Rd6+ Ke7 58.Be3 Rd8
59.Bd4 Ke8 60.Rxd8+ Kxd8 61.e6 Rg8 62.e7+ Kd7 63.Bf6 Bf3 64.Re5
Re8 65.Re3 Be4 66.Rg3 Rf8 67.h5 g5 68.fxg5 f4 69.Rg1 hxg5 70.Rd1+
Bd3 71.h6 f3 72.Rxd3+ cxd3 73.Kxd3 f2 74.Ke2 Rg8 75.Bg7 Kxe7
76.h7 Rxg7 77.h8Q Rf7 78.Kf1 Rf6 79.Qh5 Ke6 80.Qxg5 Kf7 81.Qd5+
Kg7 82.Qd7+ 1/2-1/2

[Event "Êîìàíäíîå ïåð-âî ÐÔ 2012 ã. ïî êëàññè÷åñêèì øàõìàòàì "]
[Site "Ðûáèíñê"]
[Date "2012.08.07"]
[Round "6.114"]
[White "Àáäóëèíà Áåëëà "]
[Black "Îáîëåíöåâà Àëåêñàíäðà "]
[Result "0-1"]
[WhiteElo "1776"]
[BlackElo "1950"]
[Annotator ""]
[Source ""]
[Remark ""]

1.e4 c5 2.Nf3 d6 3.Bb5+ Bd7 4.Bxd7+ Qxd7 5.O-O Nf6 6.e5 dxe5
7.Nxe5 Qc7 8.Re1 e6 9.Nc3 a6 10.d3 Bd6 11.Nf3 O-O 12.Ne4 Nxe4
13.Rxe4 Nd7 14.Bg5 f6 15.Bd2 Ne5 16.Nxe5 Bxe5 17.f4 Bxb2 18.Rb1
Bd4+ 19.Kh1 Rae8 20.Qe2 Qd7 21.Re1 e5 22.c3 f5 23.Rxe5 Bxe5 24.fxe5
f4 25.d4 Qd5 26.Qf2 cxd4 27.cxd4 f3 28.g3 Re6 29.Bb4 Rfe8 30.Kg1
a5 31.Bc3 Rc8 32.Ba1 b6 0-1

[Event "Êîìàíäíîå ïåð-âî ÐÔ 2012 ã. ïî êëàññè÷åñêèì øàõìàòàì "]
[Site "Ðûáèíñê"]
[Date "2012.08.07"]
[Round "6.121"]
[White "Ïîëîñèí Åâãåíèé "]
[Black "Àôàíàñüåâ Äìèòðèé "]
[Result "0-1"]
[WhiteElo "2065"]
[BlackElo "2102"]
[Annotator ""]
[Source ""]
[Remark ""]

1.e4 c5 2.Nf3 e6 3.Nc3 a6 4.d4 cxd4 5.Nxd4 Qc7 6.Bd3 Nf6 7.O-O
b5 8.Bg5 Be7 9.Kh1 Bb7 10.f4 b4 11.Nce2 d6 12.Ng3 h6 13.Bxf6
Bxf6 14.e5 dxe5 15.Nxe6 fxe6 16.Bg6+ Ke7 17.fxe5 Qxe5 18.Re1
Qd5 19.Qe2 Qxg2+ 20.Qxg2 Bxg2+ 21.Kxg2 Bxb2 22.Rad1 Nc6 23.Re4
Rad8 24.Rde1 e5 25.Rc4 Na5 26.Rc5 Nb7 27.Rf1 Nxc5 28.Rf7+ Kd6
29.Nf5+ Kc6 30.Ne7+ Kb6 31.Rxg7 Ne6 32.Rf7 Nf4+ 33.Kg3 Nxg6 34.Rf6+
Kb5 35.Rxg6 Rde8 36.Rg7 e4 37.Rf7 Rhf8 38.Rh7 e3 0-1

[Event "Êîìàíäíîå ïåð-âî ÐÔ 2012 ã. ïî êëàññè÷åñêèì øàõìàòàì "]
[Site "Ðûáèíñê"]
[Date "2012.08.07"]
[Round "6.122"]
[White "Ðîòìèñòðîâ Àëåêñàíäð "]
[Black "Õàæèïîâ Òèìóð "]
[Result "1-0"]
[WhiteElo "1933"]
[BlackElo "2107"]
[Annotator ""]
[Source ""]
[Remark ""]

1.e4 c5 2.Nf3 Nc6 3.d4 cxd4 4.Nxd4 e5 5.Nb5 d6 6.N1c3 a6 7.Na3
Be7 8.Nd5 Be6 9.Nc4 Bxd5 10.Qxd5 Nd4 11.Ne3 Qc7 12.c3 Nf6 13.Qc4
Qxc4 14.Bxc4 Ne6 15.f3 b5 16.Bb3 Nc5 17.Bc2 Rd8 18.b4 Ncd7 19.a4
d5 20.exd5 Nb6 21.axb5 axb5 22.Bd3 O-O 23.Bd2 Nbxd5 24.Bxb5 Nxe3
25.Bxe3 Rc8 26.Bd2 Nd5 27.Ra7 Nxc3 28.Ba6 Bxb4 29.Bxc8 Rxc8 30.Rb7
Bf8 31.Kf2 Nd5 32.Rb5 Nf4 33.g3 Ng6 34.Rhb1 f6 35.Rb8 Rc7 36.R1b7
Rxb7 37.Rxb7 Bc5+ 38.Be3 Be7 39.h4 h5 40.Ke2 Kf8 41.Kd3 Ke8 42.Ke4
Nf8 43.Kd5 g6 44.Bc5 Bxc5 45.Kxc5 Ne6+ 46.Kd5 Nd4 47.f4 exf4
48.Kxd4 fxg3 49.Rb3 g5 50.Rxg3 1-0

[Event "Êîìàíäíîå ïåð-âî ÐÔ 2012 ã. ïî êëàññè÷åñêèì øàõìàòàì "]
[Site "Ðûáèíñê"]
[Date "2012.08.07"]
[Round "6.123"]
[White "Ïàíîâ Ìàêñèì "]
[Black "Ïîãîñÿí Àâåòèê "]
[Result "1-0"]
[WhiteElo "2091"]
[BlackElo "1802"]
[Annotator ""]
[Source ""]
[Remark ""]

1.c4 e5 2.Nc3 Nf6 3.g3 d5 4.cxd5 Nxd5 5.Bg2 Nb6 6.Nf3 Nc6 7.O-O
Be7 8.d3 O-O 9.Be3 Be6 10.Ne4 Nd5 11.Bc5 f6 12.Rc1 Bd6 13.d4
Re8 14.dxe5 Nxe5 15.Nxd6 cxd6 16.Ba3 Qd7 17.Nd4 Bf7 18.e4 Ne7
19.Qe2 Rac8 20.b3 a6 21.Rcd1 Red8 22.f4 N5c6 23.Nxc6 Qxc6 24.Qf2
Ng6 25.e5 d5 26.Bh3 Ra8 27.Rc1 Qb5 28.exf6 gxf6 29.Qd4 Kg7 30.Rc7
Qe8 31.Bf5 b5 32.Kf2 a5 33.Re1 Qg8 34.Be6 Rf8 35.f5 Ne5 36.Rxe5
b4 37.Bb2 h5 38.Re3 Kh6 39.Qxf6+ Bg6 40.Qe5 Qxe6 41.Qxe6 Rxf5+
42.Qxf5 Bxf5 43.Rf3 Be4 44.Rf6+ Kg5 45.h4+ Kg4 46.Rf4+ Kh3 47.Bf6
Rg8 48.Bg5 Re8 49.Rc1 d4 50.Re1 d3 51.Rfxe4 1-0

[Event "Êîìàíäíîå ïåð-âî ÐÔ 2012 ã. ïî êëàññè÷åñêèì øàõìàòàì "]
[Site "Ðûáèíñê"]
[Date "2012.08.07"]
[Round "6.131"]
[White "Ìàì÷åíêî Ñåðãåé "]
[Black "Ãåíêåëü Äìèòðèé "]
[Result "1/2-1/2"]
[WhiteElo "1980"]
[BlackElo "1941"]
[Annotator ""]
[Source ""]
[Remark ""]

1.d4 d5 2.Nf3 Bg4 3.Ne5 Bh5 4.Bf4 f6 5.Nf3 Nc6 6.c3 Qd7 7.Nbd2
O-O-O 8.Qa4 Kb8 9.e3 e5 10.dxe5 fxe5 11.Bg5 Re8 12.Bb5 Nf6 13.O-O
Bc5 14.b4 Bb6 15.Qc2 Bg6 16.Qb2 Qg4 17.h3 Qh5 18.Bxf6 gxf6 19.Bxc6
bxc6 20.c4 dxc4 21.Nxc4 Bf5 22.Nh2 Rhg8 23.Kh1 Bd3 24.Rfc1 Qg6
25.f3 Bxc4 26.Rxc4 Bxe3 27.Rxc6 Bd4 28.Qe2 Bxa1 29.Qb5+ Kc8 30.Ng4
h5 31.Qa6+ Kd8 32.Rd6+ cxd6 33.Qxd6+ Kc8 34.Qc6+ Kb8 35.Qd6+
Kb7 36.Qd7+ Kb6 37.Qd6+ Kb7 38.Qd7+ Ka8 39.Qc6+ Kb8 40.Qd6+ 1/2-1/2